000 00507nam a22001937a 4500
003 BUBTL
008 161123b xxu||||| |||| 00| 0 eng d
020 _a0-471-00689-0
082 _a530BEU
100 _9941
_aBenson,Harris
245 _aUniversity Physics
260 _aNew York
_bJohn Wiley & Sons, Inc.
_cc1991
300 _a[x],942p.
_bills.
_c25cm.
650 0 _9167
_aPhysics
700 _9942
_aBenson,Harris
856 _k0
_l0
_yDownload
942 _2ddc
_cBK
999 _c5389
_d5389